Outsourcing Corporate Economic Activities and Its Impact on Business Ethics
Enregistré dans:
| Auteur principal: | |
|---|---|
| Autres auteurs: | , |
| Format: | Chapitre de livre |
| Langue: | anglais |
| Tags: |
Pas de tags, Soyez le premier à ajouter un tag!
|
MARC
| LEADER | 00000nla a2200000 4500 | ||
|---|---|---|---|
| 001 | 0243745 | ||
| 005 | 20240502083652.7 | ||
| 041 | 0 | |a eng | |
| 044 | |a RS | ||
| 245 | 1 | 0 | |a Outsourcing Corporate Economic Activities and Its Impact on Business Ethics |c Jitka Meluchová, Martina Mateášová, Lucia Ondrušová |
| 500 | |a Abstrakt | ||
| 100 | 1 | |a Meluchová, Jitka, 1965- | |
| 700 | 1 | |a Mateášová, Martina, 1979- | |
| 700 | 1 | |a Ondrušová, Lucia, 1981- | |